[Event "Rewal op-B 16th"]
[Site "Rewal"]
[Date "2011.08.23"]
[Round "4"]
[White "Miechowicz, Witold"]
[Black "Lewtak, Damian"]
[Result "0-1"]
[WhiteElo "1916"]
[BlackElo "2093"]
[PlyCount "158"]
[EventDate "2011.08.18"]
[EventType "swiss"]
[EventRounds "9"]
[EventCountry "POL"]
[SourceTitle "CBM 144 Extra"]
[Source "ChessBase"]
[SourceDate "2011.10.28"]
[SourceVersion "1"]
[SourceVersionDate "2011.10.28"]
[SourceQuality "1"]

1. e4 c5 2. Nf3 d6 3. c3 g6 4. Bc4 e6 5. Qe2 Bg7 6. d4 cxd4 7. cxd4 Ne7 8. Nc3 0-0 9. Bb3 b6 10. 0-0 Bb7 11. Re1 h6 12. Be3 d5 13. e5 Nbc6 14. Rad1 Rc8 15. Bc2 Qd7 16. Nh4 Rfd8 17. f4 Nf5 18. Bf2 Qe7 19. Nf3 Qd7 20. Bb1 Na5 21. Bd3 Nc4 22. Rc1 Bf8 23. g4 Ng7 24. a3 b5 25. Red1 a6 26. Be1 Bc6 27. Ra1 Ra8 28. Nb1 a5 29. b3 Nb6 30. Nbd2 a4 31. b4 Nc4 32. Nf1 Be7 33. Ng3 Rab8 34. Bd2 Nb2 35. Rdc1 Nxd3 36. Qxd3 Bb7 37. Rc2 Rbc8 38. Rac1 Rc4 39. Nf1 h5 40. h3 Rdc8 41. Ne3 Rxc2 42. Rxc2 Rxc2 43. Qxc2 Qc6 44. Qd1 Kf8 45. Kg2 Ke8 46. Ne1 hxg4 47. hxg4 g5 48. Qf3 f6 49. Nd3 Qc7 50. Kf2 gxf4 51. Qxf4 fxe5 52. Nxe5 Bd6 53. g5 Bxe5 54. dxe5 Qf7 55. Nc2 Qxf4+ 56. Bxf4 Nf5 57. Be3 Kf7 58. Nd4 Nxd4 59. Bxd4 Kg6 60. Be3 Kf5 61. Bd4 Kxg5 62. Ke3 Bc6 63. Bb2 Be8 64. Kd4 Bh5 65. Kc5 Bd1 66. Bc3 Kf5 67. Bd4 Bb3 68. Bc3 Kg4 69. Be1 Bc4 70. Bf2 Kf5 71. Bg3 Bb3 72. Bh2 Kg4 73. Bg1 Bc4 74. Bf2 Kh3 75. Be1 Kg2 76. Bc3 Kf1 77. Kd6 Kf2 78. Bd4+ Kf3 79. Bc5 Ke4 0-1

[Event "Rewal op-B 16th"]
[Site "Rewal"]
[Date "2011.08.22"]
[Round "3"]
[White "Miechowicz, Witold"]
[Black "Mirski, Michal"]
[Result "1-0"]
[WhiteElo "1916"]
[BlackElo "1776"]
[PlyCount "63"]
[EventDate "2011.08.18"]
[EventType "swiss"]
[EventRounds "9"]
[EventCountry "POL"]
[SourceTitle "CBM 144 Extra"]
[Source "ChessBase"]
[SourceDate "2011.10.28"]
[SourceVersion "1"]
[SourceVersionDate "2011.10.28"]
[SourceQuality "1"]

1. e4 c5 2. Nf3 d6 3. c3 Nf6 4. Bd3 Bd7 5. Bc2 Bc6 6. Qe2 e6 7. 0-0 Be7 8. d4 Nbd7 9. Re1 b6 10. Nbd2 Bb7 11. a3 0-0 12. e5 Ne8 13. Ne4 cxd4 14. cxd4 dxe5 15. dxe5 Nc5 16. Nxc5 Bxf3 17. Qxf3 Bxc5 18. Rd1 Qc8 19. b4 Bxb4 20. Qd3 g6 21. axb4 Nc7 22. Bb3 Qb7 23. Bh6 Rfc8 24. Rac1 Na6 25. Rc4 b5 26. Rd4 Qb6 27. Bg5 h5 28. Bf6 Rab8 29. Rd6 Qb7 30. Rd4 Nc7 31. Qd2 Kh7 32. Rd7 1-0

[Event "Rewal op-B 14th"]
[Site "Rewal"]
[Date "2009.08.29"]
[Round "9"]
[White "Miechowicz, Witold"]
[Black "Karwowski, Kacper"]
[Result "1/2-1/2"]
[WhiteElo "1979"]
[BlackElo "1745"]
[PlyCount "75"]
[EventDate "2009.08.20"]
[EventType "swiss"]
[EventRounds "9"]
[EventCountry "POL"]
[SourceTitle "EXT 2011"]
[Source "ChessBase"]
[SourceDate "2010.11.26"]
[SourceVersion "1"]
[SourceVersionDate "2010.11.26"]
[SourceQuality "1"]

1. e4 c6 2. d4 d5 3. f3 e6 4. Be3 Nf6 5. Bd3 c5 6. e5 Nfd7 7. c3 Nc6 8. Ne2 Qb6 9. Qc1 cxd4 10. cxd4 Nb4 11. Bc2 Nxc2+ 12. Qxc2 Nxe5 13. 0-0 Nc4 14. Bc1 Bd7 15. b3 Nd6 16. Qd1 Rc8 17. Kh1 Be7 18. Ba3 Nf5 19. Qd2 Bb5 20. Bxe7 Nxe7 21. Nbc3 Rxc3 22. Nxc3 Bxf1 23. Rxf1 0-0 24. Na4 Qa6 25. Re1 b6 26. Nc3 Rc8 27. Ne2 h6 28. g4 Ng6 29. a4 Nh4 30. Ng1 Rc6 31. g5 hxg5 32. Qxg5 Nf5 33. Qd8+ Kh7 34. Qd7 Qc8 35. Qxf7 Nh6 36. Qxa7 Qd8 37. Qa6 Rc3 38. Qe2 1/2-1/2

[Event "Rowy op-A 17th"]
[Site "Rowy"]
[Date "2008.06.21"]
[Round "8.17"]
[White "Miechowicz, Witold"]
[Black "Hagner, Pawel"]
[Result "1-0"]
[WhiteElo "1989"]
[BlackElo "1895"]
[PlyCount "91"]
[EventDate "2008.06.14"]
[EventType "swiss"]
[EventRounds "9"]
[EventCountry "POL"]
[SourceTitle "EXT 2023"]
[Source "ChessBase"]
[SourceDate "2022.10.05"]
[SourceVersion "1"]
[SourceVersionDate "2022.10.05"]
[SourceQuality "1"]

1. e4 d6 2. d4 Nf6 3. Nc3 g6 4. f4 Bg7 5. Nf3 0-0 6. Bd3 Nc6 7. 0-0 Bg4 8. Be3 Nd7 9. Ne2 Nb4 10. Bc4 Nb6 11. Bb3 d5 12. e5 Nc4 13. Bc1 Na6 14. h3 Bd7 15. Qe1 e6 16. c3 c5 17. Bc2 cxd4 18. Nexd4 Nc5 19. b3 Nb6 20. Bd2 a6 21. a4 a5 22. Ng5 h6 23. Ngf3 Qe7 24. Qe2 Bc6 25. Rae1 Bd7 26. Qf2 Rac8 27. Qg3 Ne4 28. Bxe4 dxe4 29. Rxe4 Qc5 30. Kh1 Nd5 31. c4 Nb4 32. Ree1 Bc6 33. Be3 Qe7 34. Nxc6 Nxc6 35. Nd2 Rfd8 36. Ne4 Nd4 37. Bxd4 Rxd4 38. Qe3 Rdd8 39. Nd6 Rc6 40. Rd1 f6 41. c5 Qc7 42. exf6 Bxf6 43. Qxe6+ Kg7 44. Ne8+ Rxe8 45. Qxe8 Qc8 46. Rd7+ 1-0

[Event "Polanica Zdroj op-B 43rd"]
[Site "Polanica Zdroj"]
[Date "2007.08.24"]
[Round "7"]
[White "Miechowicz, Witold"]
[Black "Dzieczkaniec, Wieslaw"]
[Result "1-0"]
[WhiteElo "1972"]
[BlackElo "1970"]
[PlyCount "65"]
[EventDate "2007.08.17"]
[EventType "swiss"]
[EventRounds "10"]
[EventCountry "POL"]
[SourceTitle "CBM 120 Extra"]
[Source "ChessBase"]
[SourceDate "2007.11.01"]
[SourceVersion "1"]
[SourceVersionDate "2007.11.01"]
[SourceQuality "1"]

1. e4 c5 2. Nf3 Nc6 3. c3 Nf6 4. e5 Nd5 5. d4 cxd4 6. cxd4 e6 7. a3 d6 8. Bd3 dxe5 9. dxe5 Qc7 10. 0-0 Bc5 11. Re1 g6 12. Nc3 Nxc3 13. bxc3 b6 14. Qe2 Bb7 15. a4 Ne7 16. Bb2 h6 17. Nd4 Nd5 18. Qg4 0-0 19. Bc1 f5 20. exf6 Rxf6 21. Bd2 Raf8 22. Re2 e5 23. Nf3 Nf4 24. Bxf4 Bxf3 25. gxf3 exf4 26. Rae1 Qd6 27. Bc2 Qd8 28. Kh1 Rc6 29. Rg1 Qf6 30. Qh5 Qxc3 31. Qd5+ Kh8 32. Qxc6 Qf6 33. Re6 1-0

[Event "Przelazy op-A"]
[Site "Przelazy"]
[Date "2004.??.??"]
[Round "6"]
[White "Kulpinski, Piotr"]
[Black "Miechowicz, Witold"]
[Result "1-0"]
[WhiteElo "2050"]
[BlackElo "1995"]
[PlyCount "96"]
[EventDate "2004.??.??"]
[EventType "swiss"]
[EventRounds "9"]
[EventCountry "POL"]
[SourceTitle "EXT 2007"]
[Source "ChessBase"]
[SourceDate "2006.11.23"]
[SourceVersion "1"]
[SourceVersionDate "2006.11.23"]
[SourceQuality "1"]

1. d4 Nf6 2. c4 e5 3. dxe5 Ne4 4. Nd2 Nc5 5. Ngf3 Nc6 6. b3 Qe7 7. Bb2 d6 8. g3 dxe5 9. Bg2 Bf5 10. Nh4 Bd7 11. 0-0 g5 12. Nhf3 Bg7 13. a3 Bf5 14. b4 Nd7 15. Ne1 0-0 16. b5 Nd8 17. Bc3 Re8 18. Nc2 c6 19. Ne3 Bg6 20. Nb3 Rb8 21. Bh3 Ne6 22. Ra2 Rbd8 23. Qa1 Nec5 24. Na5 cxb5 25. Nd5 Qd6 26. Rd1 Qb8 27. cxb5 f5 28. Nc6 bxc6 29. bxc6 Qa8 30. c7 Nb3 31. Qb2 Nd4 32. cxd8Q Qxd8 33. Bg2 Qc8 34. e3 Ne6 35. Qe2 Kh8 36. Rc2 Qb8 37. Rb2 Qc8 38. Rc1 Qc5 39. a4 Nf6 40. Rb5 Qa3 41. Ra1 Qd6 42. Bb4 Qd7 43. Rd1 Qf7 44. Nxf6 Bxf6 45. Rb7 Qg8 46. Rdd7 e4 47. Rxa7 Rc8 48. Qd2 Ng7 1-0

[Event "Przelazy op-A"]
[Site "Przelazy"]
[Date "2004.??.??"]
[Round "7"]
[White "Szamrej, Jozef"]
[Black "Miechowicz, Witold"]
[Result "1/2-1/2"]
[WhiteElo "1800"]
[BlackElo "1995"]
[PlyCount "45"]
[EventDate "2004.??.??"]
[EventType "swiss"]
[EventRounds "9"]
[EventCountry "POL"]
[SourceTitle "EXT 2007"]
[Source "ChessBase"]
[SourceDate "2006.11.23"]
[SourceVersion "1"]
[SourceVersionDate "2006.11.23"]
[SourceQuality "1"]

1. e4 e5 2. Nf3 Nf6 3. Nc3 Bb4 4. d3 d5 5. Bd2 d4 6. Ne2 Bxd2+ 7. Qxd2 Qd6 8. Qg5 0-0 9. Nxe5 h6 10. Qg3 Qb4+ 11. Kd1 Qxb2 12. Rc1 c5 13. Nf4 Qxa2 14. Nc4 b5 15. Nd6 Nc6 16. Nd5 Nxd5 17. exd5 Qxd5 18. Nxb5 Rb8 19. Na3 Re8 20. Be2 Bd7 21. Kd2 Qe6 22. Rhe1 Qf6 23. f4 1/2-1/2

[Event "Guben op"]
[Site "Guben"]
[Date "2003.??.??"]
[Round "1"]
[White "Schulz, Karsten"]
[Black "Miechowicz, Witold"]
[Result "1-0"]
[WhiteElo "2293"]
[BlackElo "1984"]
[PlyCount "135"]
[EventDate "2003.??.??"]
[EventType "swiss"]
[EventRounds "7"]
[EventCountry "GER"]
[SourceTitle "EXT 2008"]
[Source "ChessBase"]
[SourceDate "2007.11.25"]
[SourceVersion "1"]
[SourceVersionDate "2007.11.25"]
[SourceQuality "1"]

1. g3 d5 2. Nf3 Bg4 3. Bg2 Nd7 4. h3 Bxf3 5. Bxf3 Ngf6 6. d3 e6 7. b3 c6 8. Bb2 Bb4+ 9. c3 Bc5 10. Nd2 Qc7 11. d4 Bd6 12. c4 0-0 13. 0-0 Qd8 14. e3 Ne8 15. e4 Nc7 16. Bg2 f5 17. e5 Be7 18. f4 Qe8 19. Kh2 g5 20. fxg5 Bxg5 21. Nf3 Bh6 22. Ng1 Qg6 23. Ne2 Kh8 24. Nf4 Bxf4 25. Rxf4 Rg8 26. Qf3 Rg7 27. Rg1 Rag8 28. Bf1 Nf8 29. Bd3 Qe8 30. Rh4 Qe7 31. Rh6 a6 32. Bc1 Ne8 33. Be3 Ng6 34. g4 dxc4 35. bxc4 Qa3 36. Qe2 Nf8 37. Rh5 fxg4 38. hxg4 Qe7 39. Rg3 Ng6 40. Rgh3 Rf7 41. Bg5 Qd7 42. Qe4 Qc7 43. Rh6 Nf8 44. R3h5 Rgg7 45. Kh3 Rf2 46. Bh4 Rxa2 47. Bf6 Nxf6 48. Rxf6 Qe7 49. d5 cxd5 50. cxd5 exd5 51. Qf3 Ne6 52. Qxd5 Qxf6 53. exf6 Nf4+ 54. Kg3 Nxd5 55. fxg7+ Kxg7 56. Rxd5 h6 57. Rd6 Rd2 58. Kf4 a5 59. Rg6+ Kf8 60. Be4 b5 61. Rxh6 a4 62. Ra6 Ke7 63. g5 Rd4 64. Ke5 Rd1 65. Ra7+ Kf8 66. g6 Rg1 67. Kf6 Rf1+ 68. Bf5 1-0

[Event "Brandenburg-ch Seniors 09th"]
[Site "Rowy"]
[Date "2001.06.20"]
[Round "4"]
[White "Ollek, Karl Heinz"]
[Black "Miechowicz, Witold"]
[Result "1/2-1/2"]
[WhiteElo "1685"]
[BlackElo "2075"]
[PlyCount "38"]
[EventDate "2001.06.??"]
[EventType "swiss"]
[EventRounds "7"]
[EventCountry "POL"]
[SourceTitle "EXT 2006"]
[Source "ChessBase"]
[SourceDate "2005.11.24"]
[SourceVersion "1"]
[SourceVersionDate "2005.11.24"]
[SourceQuality "1"]

1. Nf3 d5 2. c4 e6 3. e3 Bd6 4. d4 c6 5. c5 Be7 6. Bd3 Nd7 7. Bd2 f5 8. b4 Ngf6 9. Ng5 Nb8 10. Nc3 0-0 11. 0-0 h6 12. Nf3 Nbd7 13. a4 b6 14. Ne2 g5 15. Rc1 Bb7 16. Ne5 Nxe5 17. dxe5 Ne4 18. f3 Nxd2 19. Qxd2 bxc5 1/2-1/2